[Event "Kandidatklassen 1994"]
[Site "Aalborg"]
[Date "1994.04.04"]
[Round "7"]
[White "Strange, Mikkel"]
[Black "Boe, Mads"]
[Result "1/2-1/2"]
[WhiteElo "2246"]
[BlackElo "2366"]
[PlyCount "187"]
[EventDate "1994.??.??"]

1. e4 e5 2. Nf3 d6 3. d4 Nf6 4. Nc3 Nbd7 5. Bc4 Be7 6. O-O O-O 7. Qe2 exd4 8.
Nxd4 Ne5 9. Bb3 c5 10. Nf3 Bg4 11. Bg5 Nh5 12. Bxe7 Qxe7 13. Nd5 Qe6 14. c3
Nxf3+ 15. gxf3 Bh3 16. Kh1 Bxf1 17. Rxf1 Qe5 18. Qe3 Nf6 19. Rg1 Nxd5 20. Bxd5
Rae8 21. f4 Qh5 22. f5 Kh8 23. Qf4 Re5 24. Qg3 Qh6 25. f4 Re7 26. Qg5 Qf6 27.
Rb1 Rfe8 28. Kg2 h6 29. Qxf6 gxf6 30. b4 cxb4 31. Rxb4 b6 32. a4 Rc7 33. c4
Rg8+ 34. Kf2 Rg4 35. a5 bxa5 36. Rb5 Rxf4+ 37. Kg3 Rf1 38. Rxa5 Rb1 39. Ra6 Rb6
40. Rxb6 axb6 41. Kg4 Kg7 42. Kh5 Rc5 43. Kg4 b5 44. cxb5 Rxb5 45. Kh5 Rb2 46.
h4 Rb8 47. Bc6 Rb1 48. Bd5 Rf1 49. Bc6 Rf4 50. Bd5 Rf2 51. Bc6 Rc2 52. Bd5 Rc8
53. Bb3 Rh8 54. Bd5 Kf8 55. Bc4 Ke7 56. Bd5 Rh7 57. Bc4 Kd8 58. Bd5 Kd7 59. Ba8
Rh8 60. Bd5 Rh7 61. Ba8 Kc7 62. Bd5 Kb6 63. Ba2 Kc5 64. Bb3 Kd4 65. Bd5 Ke5 66.
Bc6 Kf4 67. Bb7 Ke5 68. Bc6 Rh8 69. Bb7 Rg8 70. Bd5 Rc8 71. Bb7 Rc1 72. Kxh6
Rg1 73. Bd5 Kf4 74. Bc6 Rh1 75. h5 Kg4 76. Kg7 Kg5 77. Kxf7 Rxh5 78. Ke6 Rh2
79. Kxd6 Ra2 80. e5 fxe5 81. Kxe5 Re2+ 82. Be4 Re1 83. Kd4 Kf6 84. Bd3 Ra1 85.
Kc3 Ke5 86. Bc2 Rg1 87. Kb3 Kd4 88. Kb2 Rf1 89. f6 Rxf6 90. Bb1 Rf2+ 91. Ka1
Kc3 92. Bh7 Rf7 93. Bb1 Ra7+ 94. Ba2 1/2-1/2